Managing reality (Record no. 116161)
[ view plain ]
| 000 -LEADER | |
|---|---|
| fixed length control field | 01167cam a22002655a 4500 |
| 001 - CONTROL NUMBER | |
| control field | L159937 |
| 008 - FIXED-LENGTH DATA ELEMENTS--GENERAL INFORMATION | |
| fixed length control field | 180409s2018 xxk f 001 0 eng d |
| 020 ## - INTERNATIONAL STANDARD BOOK NUMBER | |
| International Standard Book Number | 9780727761828 |
| 035 ## - SYSTEM CONTROL NUMBER | |
| System control number | (Sirsi) u159937 |
| 041 0# - LANGUAGE CODE | |
| Language code of text/sound track or separate title | eng |
| 050 04 - LIBRARY OF CONGRESS CALL NUMBER | |
| Classification number | F692.8 |
| 100 1# - MAIN ENTRY--PERSONAL NAME | |
| Personal name | Mitchell, Bronwyn |
| 245 00 - TITLE STATEMENT | |
| Title | Managing reality |
| Remainder of title | book 1 |
| -- | introduction to the engineering and construction contract |
| 250 ## - EDITION STATEMENT | |
| Edition statement | 3 ed |
| 260 ## - PUBLICATION, DISTRIBUTION, ETC. | |
| Place of publication, distribution, etc. | London |
| Name of publisher, distributor, etc. | ICE Publishing |
| Date of publication, distribution, etc. | 2018 |
| 300 ## - PHYSICAL DESCRIPTION | |
| Extent | xv90. |
| Dimensions | 30cm. |
| 490 #0 - SERIES STATEMENT | |
| Series statement | Managing Reality |
| Volume/sequential designation | 1 |
| 520 ## - SUMMARY, ETC. | |
| Summary, etc. | First of a five part volume on managing the Engineering and Construction Contract (ECC) focuses on the fundamental cultural changes and mind shift that is required to successfully manage the practicalities of the ECC in use. Provides an introduction to the ECC, its conventions, concepts and terminology, and how it affects the way you work. Then discusses the roles adopted in the ECC, including how to designate a role and how the ECC affects each of these roles. |
| 520 ## - SUMMARY, ETC. | |
| Summary, etc. | Supersedes 2 ed (ISBN 9780727757180) |
| 651 #4 - SUBJECT ADDED ENTRY--GEOGRAPHIC NAME | |
| Geographic name | United Kingdom |
| Chronological subdivision | |
| 690 ## - LOCAL SUBJECT ADDED ENTRY--TOPICAL TERM (OCLC, RLIN) | |
| Topical term or geographic name as entry element | Contracts |
| 9 (RLIN) | 6232 |
| 700 1# - ADDED ENTRY--PERSONAL NAME | |
| Personal name | Trebes, Barry |
| 856 48 - ELECTRONIC LOCATION AND ACCESS | |
| Uniform Resource Identifier | <a href=""></a> |
| Public note | |
| 942 ## - ADDED ENTRY ELEMENTS (KOHA) | |
| Suppress in OPAC | 0 |
| Withdrawn status | Lost status | Source of classification or shelving scheme | Damaged status | Not for loan | Home library | Current library | Shelving location | Date acquired | Total Checkouts | Full call number | Barcode | Date last seen | Copy number | Price effective from | Koha item type |
|---|---|---|---|---|---|---|---|---|---|---|---|---|---|---|---|
| Dewey Decimal Classification | London | London | Folio | 09/04/2018 | F692.8 | 30078964 | 06/08/2019 | 1 | 06/08/2019 | Book |